Faculty of Law Library — Cairo University

Official Online Catalog

المحاولات المختلفة للتضييق من نطاق الحبس الإحتياطي (دراسة مقارنة) / (Record no. 60935)

MARC details
000 -LEADER
fixed length control field 04255nam a2200505 i 4500
003 - CONTROL NUMBER IDENTIFIER
control field EG-GICUC
005 - أخر تعامل مع التسجيلة
control field 20260204160125.0
008 - FIXED-LENGTH DATA ELEMENTS--GENERAL INFORMATION
fixed length control field 260204s2025 ua |||f m||| 00| 0 ara d
040 ## - CATALOGING SOURCE
Original cataloguing agency EG-GICUC
Transcribing agency EG-GICUC
Modifying agency EG-GICUC
Description conventions rda
Language of cataloging: ara
041 0# - LANGUAGE CODE
Language code of text/sound track or separate title ara
049 ## - Acquisition Source
Acquisition Source إهداء
082 04 - DEWEY DECIMAL CLASSIFICATION NUMBER
Classification number 343.36324062
Edition number 21
097 ## - Degree
Degree Ph.D
099 ## - LOCAL FREE-TEXT CALL NUMBER (OCLC)
Local Call Number Law 10 PHD 2025
100 0# - MAIN ENTRY--PERSONAL NAME
Authority record control number or standard number تامر سعد رزق عبده
Preparation مؤلف.
245 10 - TITLE STATEMENT
Title المحاولات المختلفة للتضييق من نطاق الحبس الإحتياطي (دراسة مقارنة) /
Statement of responsibility, etc. إعداد أحمد تامر سعد رزق عبده؛ إشراف الأستاذ الدكتور أحمد عوض بلال.
264 #0 - PRODUCTION, PUBLICATION, DISTRIBUTION, MANUFACTURE, AND COPYRIGHT NOTICE
Place of production, publication, distribution, manufacture القاهرة:
Name of producer, publisher, distributor, manufacturer كلية الحقوق- جامعة القاهرة،
Date of production, publication, distribution, manufacture, or copyright notice 2025.
300 ## - PHYSICAL DESCRIPTION
Extent 323 صفحة؛
Dimensions 25 سم.
336 ## - CONTENT TYPE
Content type term text
Source rda content
337 ## - MEDIA TYPE
Media type term Computer
Source rda media
338 ## - CARRIER TYPE
Carrier type term Online Resource
Source rda carrier
500 ## - General note
General note رسائل نسخة منفردة
500 ## - General note
General note تحتوي علي صفحة عنوان وملخص باللغة الإنجليزية
502 ## - DISSERTATION NOTE
Dissertation note أطروحة (دكتوراة)- جامعة القاهرة، كلية الحقوق، قسم القانون الجنائي، 2025.
504 ## - BIBLIOGRAPHY, ETC. NOTE
Bibliography, etc. note ببليوجرافيا: صفحات 292-315
520 3# - SUMMARY, ETC.
Summary, etc. خطيت الحرية الشخصية بالحماية الدستورية في المادة (٥٤) من الدستور المصري ٢٠١٤م المعدل بالتعديل الدستورى ۲۰۱۹م، كما تضمنها الإعلان العالمي لحقوق الإنسان وكذا العهد الدولي للحقوق المدنية والسياسية، لذلك لا يجوز المساس بحرية التنقل إلا بإجراء القبض أو الحبس الاحتياطي، على أن يتم أي من الإجراءين في إطار ضمانات يرسمها الدستور والقانون، في ظل الحماية الدستورية لجوهر الحرية الشخصية، وأن الأصل في المتهم البراءة، وتعد تلك الضمانات المشروعية لتقييد الحق في حرية التنقل.<br/><br/>وفيما يخص الحبس الاحتياطي كونه إجراء بغيضا كما عرفه العديد من الفقهاء والتشريعات لما فيه من مساس بالحرية الشخصية، حيث يكون سببًا للزج بالمتهمين في السجون لسنوات على ذمة قضايا، دون أدلة كافية على نسبة الاتهام. كما تصدر أوامر الحبس الاحتياطي عن جهات غالبا ما تجمع بين سلطة الاتهام والتحقيق.<br/><br/>وقد من الحبس الاحتياطي في القانون الوضعي من خلال التشريعات المصرية الحديثة بمراحل مهمة حتى يضمن أن يحقق التوازن بين مصلحة التحقيق وحرية المتهم في التنقل، بداية من قانون التحقيقات الجنائية الصادر في ۱۳ نوفمبر ۱۸۸۳، وتعديلاته مرورا بقانون التحقيقات الجنائية الصادر عام ١٩٠٤ ، وحتى صدر قانون الإجراءات الجنائية رقم ١٥٠ لسنة ١٩٥٠ انتهاء بالتعديل الذي طرأ على القانون الأخبر والرقيم ١٤٥ لسنة ٢٠٠٦م.<br/>
546 ## - LANGUAGE NOTE
Text Language الملخص باللغة العربية
650 04 - SUBJECT ADDED ENTRY--TOPICAL TERM
Topical term or geographic name entry element القانون الجنائي
653 ## - INDEX TERM--UNCONTROLLED
Uncontrolled term الحبس الإحتياطي
653 ## - INDEX TERM--UNCONTROLLED
Uncontrolled term القانون
653 ## - INDEX TERM--UNCONTROLLED
Uncontrolled term التشريعات
653 ## - INDEX TERM--UNCONTROLLED
Uncontrolled term الدستور المصري
653 ## - INDEX TERM--UNCONTROLLED
Uncontrolled term الاتهام
653 ## - INDEX TERM--UNCONTROLLED
Uncontrolled term التحقيق
653 ## - INDEX TERM--UNCONTROLLED
Uncontrolled term قضايا
653 ## - INDEX TERM--UNCONTROLLED
Uncontrolled term الحرية الشخصية
653 ## - INDEX TERM--UNCONTROLLED
Uncontrolled term المتهم
655 #4 - INDEX TERM--GENRE/FORM
Genre/form data or focus term رسائل جامعية
Geographic subdivision جامعة القاهرة
General subdivision القانون الجنائي
700 0# - ADDED ENTRY--PERSONAL NAME
Personal name أحمد عوض بلال
Relator term مشرف.
710 2# - ADDED ENTRY--CORPORATE NAME
Corporate name or jurisdiction name as entry element جامعة القاهرة.
Subordinate unit كلية الحقوق
856 ## - ELECTRONIC LOCATION AND ACCESS
Uniform Resource Identifier <a href="https://fll.law.cu.edu.eg/fulltext/th/T10-04297.pdf">https://fll.law.cu.edu.eg/fulltext/th/T10-04297.pdf</a>
900 ## - Thesis Information
Grant date 2025
Universities جامعة القاهرة
Faculties كلية الحقوق
Department قسم القانون الجنائي
905 ## - Cataloger and Reviser Names
Cataloger Name: Hoda
942 ## - ADDED ENTRY ELEMENTS (KOHA)
Source of classification or shelving scheme Dewey Decimal Classification
Koha item type Thesis
Edition 21
Suppress in OPAC No
Holdings
Source of classification or shelving scheme Collection Home library Current library Date acquired Full call number Barcode Date last seen Copy number Effective from Koha item type
Dewey Decimal Classification القانون الجنائي جــــامعة القــاهرة مكتبة كلية الحقوق - المبنى الرئيسي 04.02.2026 Law1 10 PHD 2025 1004297 C1 T10-04297 04.02.2026 1 04.02.2026 Thesis
Dewey Decimal Classification القانون الجنائي جــــامعة القــاهرة مكتبة كلية الحقوق - المبنى الرئيسي 04.02.2026 Law1 10 PHD 2025 1004298 C2 T10-04298 04.02.2026 2 04.02.2026 Thesis
Dewey Decimal Classification القانون الجنائي جــــامعة القــاهرة مكتبة كلية الحقوق - فـرع الشيخ زايد 04.02.2026 Law2 10 PHD 2025 1004299 C3 T10-04299 04.02.2026 3 04.02.2026 Thesis

© All rights reserved — Faculty of Law, Cairo University